| 000 | 00519nam a2200169Ia 4500 | ||
|---|---|---|---|
| 003 | GCL | ||
| 008 | 140319s9999 xx 000 0 eng d | ||
| 040 |
_aGCL / _cGCL |
||
| 082 | 0 | 4 |
_a939.4 _bT E |
| 100 | 1 | _aTHOMPSON, THOMAS | |
| 245 | 1 | 0 |
_aEARLY HISTORY OF THE ISRAELITE PEOPLE: FROM THE WRITTEN AND ARCHAEOLOGICAL SOURCES / _cTHOMPSON, THOMAS |
| 260 |
_a[S.N] : _bE. J. BRILL ، _c1994 |
||
| 300 | _a482 P | ||
| 650 | 0 | 4 | _aJEWISH - HISTORY - TO 586 B.C |
| 650 | 0 | 4 | _aPALESTINE - HISTORY - TO 70A.D |
| 942 |
_2ddc _cBK |
||
| 999 |
_c14224 _d14224 |
||